Ivy League Colleges- Sudden Death - Statistics

General Stats
  • This quiz has been taken 76 times
  • The average score is 6 of 8
Answers on the Grid
Answers color-coded by a green-red scale on the quiz's grid according to % correct below.
Brown University
Yale University
Colombia University
Cornell University
Dartmouth University
Harvard University
University of Pennsylvania
Princeton University
Stanford University
Massachusetts Institute of Technology
Vanderbilt University
Duke University
Georgetown University
Harvey Mudd College
Washington University in St. Louis
Pomona College
Carnegie Mellon University
California Institute of Technology
University of California - Los Angeles
Johns Hopkins University
University of Michigan - Ann Arbor
Claremont McKenna College
University of Chicago
University of Notre Dame
University of Virginia
University of Southern California
Georgia Institute of Technology
Swarthmore College
University of North Carolina at Chapel Hill
Boston University
 
Answer Stats
Answer % Correct
Yale University
84%
Harvard University
81%
Cornell University
78%
Princeton University
78%
Brown University
76%
Colombia University
74%
Dartmouth University
71%
University of Pennsylvania
62%
No matching quizzes found
Score Distribution
Percent of People with Each Score
Percentile by Number Answered
Your Score History
You have not taken this quiz